header

Race for the exits (Record no. 118749)

MARC details
000 -LEADER
fixed length control field 02007nam a2200421 a 4500
082 04 - DEWEY DECIMAL CLASSIFICATION NUMBER
Classification number 362.952/09/051
100 1# - MAIN ENTRY--AUTHOR NAME
Personal name Schoppa, Leonard J.
245 10 - TITLE STATEMENT
Title Race for the exits
260 ## - PUBLICATION, DISTRIBUTION, ETC. (IMPRINT)
Place of publication Ithaca, N.Y. :
Name of publisher Cornell University Press,
Year of publication 2006.
300 ## - PHYSICAL DESCRIPTION
Number of Pages xvi, 247 p. :
Other physical details ill.
505 0# - FORMATTED CONTENTS NOTE
Formatted contents note Exit, voice, and Japan's economic problems -- Taking exit and voice seriously -- Productive and protective elements of convoy capitalism -- The race for the exits begins -- The policy impact of hollowing out -- Case studies in economic reform -- The policy impact of exit by women -- Exceptions that prove the rule -- Toward a new system of social protection in Japan.
650 #0 - SUBJECT ADDED ENTRY--TOPICAL TERM
Topical Term Social security
Topical Term Economic security
Topical Term Human services
856 40 - ELECTRONIC LOCATION AND ACCESS
Uniform Resource Identifier http://site.ebrary.com/lib/rucke/Doc?id=10481025

No items available.

© 2026 Rongo University
Contact us: librarian | system librarian | Rongo university